ek voetbal 2024 raad de landen - Statistieken

Algemene statistieken
  • Deze quiz is 617 keer genomen
  • De gemiddelde score is 20 van 24
Antwoordstatistieken
groep Antwoord % Correct
d nederland
98%
d frankrijk
97%
a duitsland
96%
b spanje
96%
e belgie
92%
c engeland
92%
f portugal
92%
b italie
91%
d oostenrijk
90%
d polen
88%
a zwitserland
82%
b kroatie
81%
e oekraine
80%
c denemarken
79%
a hongarije
77%
c slovenie
77%
b albanie
76%
f turkije
75%
a schotland
74%
e roemenie
73%
e slowakije
73%
c servie
71%
f tsjechië
69%
f georgie
59%
Geen overeenkomende quizzen gevonden
Scoreverdeling
Procent van Mensen met Elke Score
Percentiel versus Aantal Correcte Antwoorden
Uw Scoregeschiedenis
U heeft deze quiz nog niet genomen